000 00591cam a22002053a 4500
001 35140
003 PGUSA
005 20140828083746.0
008 110201s2011||||xxu|||||s|||||000 | eng d
040 _aPGUSA
_beng
042 _adc
100 1 _aCaine, Hall,
_cSir,
_d1853-1931
245 1 4 _aThe Blind Mother and The Last Confession
_h[electronic resource] /
_cHall, Caine
260 _bProject Gutenberg,
_c2011
506 _aPublic domain in the USA.
516 _aElectronic text
830 0 _aProject Gutenberg
_v35140
856 4 0 _uhttp://www.gutenberg.org/ebooks/35140
942 _cEB
999 _c264395
_d264395